000 01080nam a2200301 i 4500
001 bg
245 1 0 _aDie Französische Revolution :
_bBerichte und Deutungen deutscher Schriftsteller und Historiker /
_chrsg. von Horst Günther.
260 _aFrankfurt am Main :
_bDeutscher Klassiker Verlag,
_c1985.
300 _a1530, [6] s. ;
_c19 cm.
490 _aBibliothek der Geschichte und Politik / hrsg. von Reinhart Koselleck und Horst Günther
_aBibliothek deutscher Klassiker ;
_vBd. 12
_v4
504 _aIndeks.
650 9 _aRewolucja 1789 r. francuska
651 9 _aFrancja
_y18 w.
700 1 _aGünther, Horst
_d(1945- ).
_eRed.
700 1 _aKoselleck, Reinhart
_d(1923- ).
_eRed.
830 _aBibliothek deutscher Klassiker ;
020 _a3618667205
020 _a3618667256
040 _cBPK
041 0 _ager
044 _aDEU
080 _a94(44):323.27:316.423
920 _a3-618-66720-5
920 _a3-618-66725-6
942 _cKS
008 s pl f |000 0 pol
999 _c54645
_d54645
856 _uhttp://koha.tu.koszalin.pl/cgi-bin/koha/opac-detail.pl?biblionumber=54645
_yKatalog online BPK